Guess these 40 Hunger Games Characters by Photo - Statistics

General Stats
  • This quiz has been taken 459 times
  • The average score is 29 of 40
Answer Stats
Picture Answer % Correct
Katniss Everdeen
100%
Peeta Mellark
97%
Primrose Everdeen
92%
Finnick Odair
90%
Rue
90%
Coriolanus Snow
89%
Haymitch Abernathy
89%
Cato
88%
Cinna
88%
Effie Trinket
87%
Foxface
86%
Alma Coin
85%
Glimmer
85%
Thresh
85%
Beetee
83%
Clove
82%
Johanna Mason
82%
Gale Hawthorne
81%
Tigris Snow
80%
Caesar Flickerman
79%
Marvel
79%
Wiress
77%
Seneca Crane
74%
Enobaria
68%
Annie Cresta
67%
Plutarch Heavensbee
67%
Brutus
65%
Boggs
63%
Gloss
59%
Cashmere
58%
Morphlings
53%
Greasy Sae
52%
Pollux
52%
Cressida
45%
Chaff
43%
Castor
42%
Seeder
41%
Claudius Templesmith
37%
Jackson
36%
Mags Flanagan
36%
No matching quizzes found
Score Distribution
Percent of People with Each Score
Percentile by Number Answered
Your Score History
You have not taken this quiz